|
|
|
|
| LEADER |
02137nam a2200373 i 4500 |
| 001 |
39204 |
| 003 |
BD-DhAAL |
| 008 |
220724t2020 nyua 001 0 eng d |
| 999 |
|
|
|c 44107
|d 44107
|
| 010 |
|
|
|a 2021301697
|
| 020 |
|
|
|a 9780393358384
|
| 040 |
|
|
|a DLC
|b eng
|e rda
|c DLC
|d DLC
|d BD-DhAAL
|
| 042 |
|
|
|a pcc
|
| 050 |
0 |
0 |
|a HG4521
|b .M284 2020
|
| 082 |
|
|
|a 332.601519282
|
| 100 |
1 |
|
|a Malkiel, Burton Gordon,
|e author.
|9 50145
|
| 245 |
1 |
2 |
|a A random walk down Wall Street :
|b the time-tested strategy for successful investing /
|c Burton G. Malkiel.
|
| 264 |
|
1 |
|a New York :
|b W.W. Norton & Company,
|c c2020.
|
| 264 |
|
4 |
|c ©2020
|
| 300 |
|
|
|a 473 pages :
|b illustrations :
|c 21 cm.
|
| 500 |
|
|
|a Includes index.
|
| 526 |
|
|
|a ESS
|
| 541 |
|
|
|a Book Finder International
|e 39204, 39205, 39206, 39207, 39208
|
| 650 |
|
0 |
|a Investments.
|9 50146
|
| 650 |
|
0 |
|a Stocks.
|9 50147
|
| 650 |
|
0 |
|a Random walks (Mathematics).
|9 50148
|
| 650 |
|
0 |
|a Economics.
|9 50149
|
| 852 |
|
|
|a Ayesha Abed Library
|c General Stacks
|
| 942 |
|
|
|2 ddc
|c BK
|
| 952 |
|
|
|0 0
|1 0
|2 ddc
|4 0
|6 332_601519282000000_MAL
|7 0
|9 71220
|a BRACUL
|b BRACUL
|c GEN
|d 2022-07-07
|e Book Finder International
|g 1618.75
|l 3
|m 8
|o 332.601519282 MAL
|p 3010039206
|r 2025-08-24
|s 2025-07-14
|t 3
|v 1618.75
|w 2022-07-07
|y BK
|
| 952 |
|
|
|0 0
|1 0
|2 ddc
|4 0
|6 332_601519282000000_MAL
|7 0
|9 71221
|a BRACUL
|b BRACUL
|c GEN
|d 2022-07-07
|e Book Finder International
|g 1618.75
|l 3
|m 24
|o 332.601519282 MAL
|p 3010039204
|r 2026-01-15
|s 2025-12-03
|t 1
|v 1618.75
|w 2022-07-07
|y BK
|
| 952 |
|
|
|0 0
|1 0
|2 ddc
|4 0
|6 332_601519282000000_MAL
|7 0
|9 71222
|a BRACUL
|b BRACUL
|c GEN
|d 2022-07-07
|e Book Finder International
|g 1618.75
|l 2
|m 25
|o 332.601519282 MAL
|p 3010039207
|r 2025-12-24
|s 2025-02-28
|t 4
|v 1618.75
|w 2022-07-07
|y BK
|
| 952 |
|
|
|0 0
|1 0
|2 ddc
|4 0
|6 332_601519282000000_MAL
|7 0
|9 71223
|a BRACUL
|b BRACUL
|c GEN
|d 2022-07-07
|e Book Finder International
|g 1618.75
|l 8
|m 42
|o 332.601519282 MAL
|p 3010039208
|r 2026-01-06
|s 2025-05-26
|t 5
|v 1618.75
|w 2022-07-07
|y BK
|
| 952 |
|
|
|0 0
|1 0
|2 ddc
|4 0
|6 332_601519282000000_MAL
|7 0
|9 71224
|a BRACUL
|b BRACUL
|c GEN
|d 2022-07-07
|e Book Finder International
|g 1618.75
|l 8
|m 25
|o 332.601519282 MAL
|p 3010039205
|q 2026-06-02
|r 2026-05-19
|s 2026-05-19
|t 2
|v 1618.75
|w 2022-07-07
|y BK
|